Mort subite - Les chansons de BLACKPINK - Statistiques

Statistiques générales
  • Ce quiz a été pris 980 fois
  • Le résultat moyen est 12 sur 17
Answers on the Grid
Answers color-coded by a green-red scale on the quiz's grid according to % correct below.
How You Like That
Typa Girl
Kill This Love
In Your Area
As If It's Your Last
Get Up
Lovesick Girls
Leave
DDU-DU DDU-DU
Kiss and Make Up
DOWN
Pretty Savage
Ice Cream
Do You Like It
Ready For Love
Sour Candy
Kick It
Stay
toxic till the end
Shut Down
Gelato
COLD
Pink Venom
Live Love
Acid
BOOMBAYAH
First Of All
SO HOT
 
Statistiques - réponses
Réponse % Correct
How You Like That
93%
Kill This Love
88%
DDU-DU DDU-DU
87%
Ice Cream
83%
Lovesick Girls
80%
Typa Girl
79%
As If It's Your Last
78%
BOOMBAYAH
76%
Pink Venom
73%
Pretty Savage
73%
Kiss and Make Up
71%
Shut Down
68%
Stay
64%
Ready For Love
63%
Sour Candy
62%
Kick It
61%
SO HOT
32%
Aucun quiz correspondant
Distribution des résultats
% des personnes avec chaque résultat
Percentile par nombre de réponses
Votre historique - résultats
Vous n’avez pas pris ce quiz